| 000 | 00595cam a2200169 a 4500 | ||
|---|---|---|---|
| 040 | _cDLC | ||
| 082 | 0 | 0 | _a615 SIV 1995 C166 Or. |
| 245 | 0 | 0 | _aMedicinal plants of Nepal for ayurvedic drugs / |
| 250 | _a1st ed. | ||
| 260 |
_aKathmandu : _bHis Majesty's Govt. of Nepal, Ministry of Forests and Soil Conservation, Dept. of Plant Resources, Natural Products Development Division, _c1995. |
||
| 300 |
_a387, A-F, xxvii p. : _bill. (some col.) ; _c29 cm. |
||
| 650 | 0 | _aMateria medica, Vegetable | |
| 650 | 0 | _aMedicinal plants | |
| 700 | 1 | _aRajbhandary, T. K. | |
| 710 | 1 | _aNepal. | |
| 942 | _cAEDBB | ||
| 999 |
_c19360 _d19360 |
||